Best Leading Actress in a Musical Tony Winners Quiz Stats

 Plays Quiz not verified by Sporcle

Score 0/74 Timer 15:00
0 Plays Today
Year Name % Correct
1995Glenn Close
84.6%
1980Patti LuPone
76.9%
2008Patti LuPone
76.9%
1965Liza Minnelli
69.2%
1978Liza Minnelli
69.2%
1986Bernadette Peters
69.2%
1999Bernadette Peters
69.2%
2004Idina Menzel
69.2%
1964Carol Channing
61.5%
1966Angela Lansbury
61.5%
1969Angela Lansbury
61.5%
1975Angela Lansbury
61.5%
1979Angela Lansbury
61.5%
1991Lea Salonga
61.5%
2002Sutton Foster
61.5%
2011Sutton Foster
61.5%
1973Glynis Johns
53.8%
1982Jennifer Holliday
53.8%
1997Bebe Neuwirth
53.8%
2012Audra McDonald
53.8%
1950Mary Martin
46.2%
1955Mary Martin
46.2%
1956Gwen Verdon
46.2%
1957Judy Holliday
46.2%
1958 (tie)Gwen Verdon
46.2%
1960Mary Martin
46.2%
1959Gwen Verdon
46.2%
1984Chita Rivera
46.2%
1993Chita Rivera
46.2%
2010Catherine Zeta-Jones
46.2%
2015Kelli O'Hara
46.2%
2017Bette Midler
46.2%
1952Gertrude Lawrence
38.5%
1968 (tie)Leslie Uggams
38.5%
1970Lauren Bacall
38.5%
1972Alexis Smith
38.5%
1976Donna McKechnie
38.5%
Year Name % Correct
1981Lauren Bacall
38.5%
1994Donna Murphy
38.5%
1996Donna Murphy
38.5%
1998Natasha Richardson
38.5%
2000Heather Headley
38.5%
2003Marissa Jaret Winokur
38.5%
2009Alice Ripley
38.5%
2014Jessie Mueller
38.5%
2016Cynthia Erivo
38.5%
1990Tyne Daly
30.8%
1992Faith Prince
30.8%
2001Christine Ebersole
30.8%
2006LaChanze
30.8%
2007Christine Ebersole
30.8%
2013Patina Miller
30.8%
2019Stephanie J. Block
30.8%
1951Ethel Merman
23.1%
1977Dorothy Loudon
23.1%
1988Joanna Gleason
23.1%
2005Victoria Clark
23.1%
1953Rosalind Russell
15.4%
1967Barbara Harris
15.4%
2018Katrina Lenk
15.4%
1958 (tie)Thelma Ritter
7.7%
1961Elizabeth Seal
7.7%
1962 (tie)Anna Maria Alberghetti
7.7%
1962 (tie)Diahann Carroll
7.7%
1968 (tie)Patricia Routledge
7.7%
1974Virginia Capers
7.7%
1983Natalia Makarova
7.7%
1989Ruth Brown
7.7%
1948Grace Hartman
0%
1949Nanette Fabray
0%
1954Dolores Gray
0%
1963Vivien Leigh
0%
1971Helen Gallagher
0%
1987Maryann Plunkett
0%

You're not logged in!

Compare scores with friends on all Sporcle quizzes.
OR
Log In

Sporcle TV

Today on Sporcle TV


Watch our educational content, quiz creation guides, and fun videos on Sporcle TV.

Show Comments

Extras

Top Quizzes Today


Score Distribution

Your Account Isn't Verified!

In order to create a playlist on Sporcle, you need to verify the email address you used during registration. Go to your Sporcle Settings to finish the process.

Report this User

Report this user for behavior that violates our Community Guidelines.

Details: